Spectral Evolution of Galaxies (Record no. 8741)

MARC details
000 -LEADER
fixed length control field 00943nam a2200217Ia 4500
003 - CONTROL NUMBER IDENTIFIER
control field IN-BaIIA
008 - FIXED-LENGTH DATA ELEMENTS--GENERAL INFORMATION
fixed length control field 211028s9999 xx 000 0 eng d
020 ## - INTERNATIONAL STANDARD BOOK NUMBER
International Standard Book Number 90-277-2187-4
040 ## - CATALOGING SOURCE
Transcribing agency IIA Library
080 ## - UNIVERSAL DECIMAL CLASSIFICATION NUMBER
Universal Decimal Classification number 52(082.1)
Item number ASS-122
111 ## - MAIN ENTRY--MEETING NAME
Meeting name or jurisdiction name as entry element Workshop of the Advanced School of Astronomy of the "Ettore Majorana" Centre for Scientific Culture
Number of part/section/meeting 4th
Location of meeting Erice, Italy
Date of meeting or treaty signing 1985 Mar. 12-22
9 (RLIN) 14683
245 #0 - TITLE STATEMENT
Title Spectral Evolution of Galaxies
Remainder of title proceedings of the fourth Workshop of the Advanced School of Astronomy of the "Ettore Majorana" Centre for Scientific Culture, Erice, Italy, March 12-22, 1985
Statement of responsibility, etc. edited by Cesare Chiosi and Alvio Renzini
260 ## - PUBLICATION, DISTRIBUTION, ETC.
Place of publication, distribution, etc. Dordrecht
Name of publisher, distributor, etc. D. Reidel Publishing
Date of publication, distribution, etc. 1986
300 ## - PHYSICAL DESCRIPTION
Extent xii, 490p.
650 ## - SUBJECT ADDED ENTRY--TOPICAL TERM
Topical term or geographic name entry element Astronomy and Astrophysics Thesaurus
650 ## - SUBJECT ADDED ENTRY--TOPICAL TERM
Topical term or geographic name entry element Galaxies
9 (RLIN) 1286
650 ## - SUBJECT ADDED ENTRY--TOPICAL TERM
Topical term or geographic name entry element Spectral Evolution
9 (RLIN) 14684
700 ## - ADDED ENTRY--PERSONAL NAME
Personal name Chiosi, Cesare., ed.
9 (RLIN) 13595
700 ## - ADDED ENTRY--PERSONAL NAME
Personal name Renzini, Alvio., ed.
9 (RLIN) 11645
942 ## - ADDED ENTRY ELEMENTS (KOHA)
Koha item type Books
Holdings
Withdrawn status Lost status Damaged status Not for loan Home library Current library Shelving location Date acquired Total Checkouts Full call number Barcode Date last seen Price effective from Koha item type Purchase Price
        IIA Library-Bangalore IIA Library-Bangalore General Stacks 25/06/1986   52(082.1)/ ASS-122 9616 05/11/2021 25/06/1986 Books DFL 190.00

Powered by Koha